000
00261nam a2200109Ia 4500
008
190914s9999||||xx |||||||||||||| ||und||
100
_a
Keki R. Bhote
245
4
_a
The Power of Ultimate Six Sigma
260
_a
India
_b
Dorling
_c
2008
300
_a
550
942
_c
BK
999
_c
9965
_d
9965